The Oxidation States of the Elements and their Potentials in Aqueous Solutions /

Guardado en:
Bibliografiske detaljer
Hovedforfatter: Latimer, Wendell M. (autor)
Format: Bog
Sprog:engelsk
Udgivet: Nueva York, EUA : Prentice-Hall, 1953, c1952
Udgivelse:2a edición
Fag:
Tags: Tilføj Tag
Ingen Tags, Vær først til at tagge denne postø!

MARC

LEADER 00000nam^a2200000^a^4500
001 000092581
005 20250521000000.0
009 20260310092727.952
037 |a Acervo ITESO - Biblioteca 
041 |a ING 
082 |a 541. 393  |b LAT 
100 |a Latimer, Wendell M.  |e (autor) 
245 1 4 |a The Oxidation States of the Elements and their Potentials in Aqueous Solutions /  |c W.M. Latimer. 
250 |a 2a edición 
264 4 |a Nueva York, EUA :  |b Prentice-Hall,  |c 1953, c1952 
300 |a 392 p. 
336 |a texto  |b txt  |2 rdacontenido 
337 |a sin mediación  |b n  |2 rdamedio 
338 |a volumen  |b nc  |2 rdasoporte 
649 |a XX 
650 |a Oxidación 
650 |a Ph 
650 |a Elementos Químicos 
650 |a Equilibrio Químico 
650 |a Reacciones Químicas 
650 |a Soluciones (Química) 
650 |a Química 
910 |a Fondo General 
920 |a Impresos - Libros 
930 |a Colección General 
905 |a 101 
901 |a 0500027446  |b IT1  |c ACC  |u 20250521 
902 |a https://opac.biblio.iteso.mx/vufind/Record/000092581